| 000 | 00761cab a2200217 4500 | ||
|---|---|---|---|
| 001 | ABS37143 | ||
| 008 | 090401t1986 xxu||||| |||| 00| 0 eng d | ||
| 035 | _a(Sirsi) u2530 | ||
| 041 | _aeng | ||
| 100 | _aNewell, G. | ||
| 245 | _aForeign investment - the new rules | ||
| 260 | _c1986 | ||
| 350 | _a0 | ||
| 490 |
_aEstates Gazette _v280 (6308) 1 November 1986 599(1) |
||
| 520 | _aDescribes major initiatives introduced recently by the Australian Government in the guidelines of the Foreign Investment Review Board to encourage foreign investment in the Australian property market . Assesses the likely effects of these relaxations. | ||
| 650 | _aAUSTRALIA | ||
| 650 | _aPROPERTY INVESTMENT | ||
| 690 | _aOVERSEAS | ||
| 942 | _n0 | ||
| 948 | _c04/03/1997 | ||
| 999 |
_c1523 _d1523 |
||